Miscellaneous Trios Quiz Stats

Quiz Updated Nov 19, 2014

Also try: Test Your Memory
Challenge
Share
Tweet
Embed
Score 0/39 Timer 03:00
17 Plays Today
% Correct
Santa María
96.1%
Huey
95.2%
Simon Cowell
95.1%
Dewey
94.9%
Ford
94.9%
Chrysler
94.9%
Louie
94.8%
Pop
94.7%
Crackle
94.7%
General Motors
94.6%
Snap
94.5%
Abdomen
94.1%
Thorax
93.9%
Head
93.8%
Gold
93.8%
Myrrh
93.5%
Sedimentary
93.4%
Randy Jackson
93.2%
Paula Abdul
93.1%
Niña
92.9%
% Correct
Metamorphic
92.8%
Pinta
92.6%
Larry
92.5%
Anne
92.4%
Moe
92.3%
Igneous
92.1%
Emily
92%
Curly
91.9%
Charlotte
91.6%
Luciano Pavarotti
91%
Frankincense
90.8%
Plácido Domingo
90.4%
José Carreras
89.8%
Janet Wood
87.2%
Chrissy Snow
87%
Aramis
86.9%
Athos
86.8%
Jack Tripper
85.4%
Porthos
85.3%

You're not logged in!

Compare scores with friends on all Sporcle quizzes.
Join for Free
OR
Log In

You Might Also Like...

Show Comments

Extras

Top Quizzes Today


Score Distribution

Your Account Isn't Verified!

In order to create a playlist on Sporcle, you need to verify the email address you used during registration. Go to your Sporcle Settings to finish the process.

Report this User

Report this user for behavior that violates our Community Guidelines.

Details: